| 000 | 01513nam0a2200313 4500 | ||
|---|---|---|---|
| 001 | RU\NLR\BIBL_A\016297186 | ||
| 005 | 20260405091842.0 | ||
| 010 |
_a5-202-00703-5 _9400 |
||
| 035 | _a(NLR Aleph) 016297186 | ||
| 090 |
_a12962409 _c12962409 |
||
| 100 | _a20230227d2004 |||y0rusy50 ca | ||
| 101 | 0 | _arus | |
| 102 | _aRU | ||
| 105 | _aah||z|||010zy | ||
| 181 | 0 |
_ai _baxxe |
|
| 182 | 0 | _an | |
| 200 | 1 |
_aАлександр Васильевич Адрианов _e(к 150-летию со дня рождения) _fМ. А. Дэвлет _gСибирская ассоциация исследователей первобытного искусства, Институт археологии Российской академии наук |
|
| 203 |
_aТекст _bвизуальный _cнепосредственный |
||
| 210 |
_aКемерово _cКузбассвузиздат _d2004 |
||
| 215 |
_a64 с., [2] л. ил., цв. ил., факс. _cил., факс. _d30 |
||
| 320 | _aБиблиогр.: с. 58-63 | ||
| 600 | 1 |
_aАдрианов _bА. В. _f1854 - 1920 _gАлександр Васильевич _92619399 _3RU\NLR\AUTH\661555959 |
|
| 686 | 1 | _aТ5г(2)1д | |
| 700 | 1 |
_8rus _7ca _aДэвлет _bМ. А. _gМарианна Арташировна _3RU\NLR\AUTH\7733117 _916125 |
|
| 702 | 1 |
_4280 _7ca _8rus _aАдрианов _bА. В. _f1854-1920 _gАлександр Васильевич _9225389 _3RU\NLR\AUTH\770225445 |
|
| 942 | _cBOOK | ||
| 980 | _aNB | ||